Представление документа в формате RUSMARC

ПолеНазваниеЗначение
  Тип записи a
  Библиографический уровень m
001 Контрольный номер RU/ГПНТБ России/IBIS/63.5/И 46-909288362
005 Дата корректировки 20260413101422.2
010 Индекс ISBN __
a ISBN 978-5-04-164628-8
b Уточнения в пер.
9 Тираж 2000 экз.
100 Данные общей обработки __
a Данные общей обработки 20260325d2024 maey0rusy028902 ca
101 Язык документа 0_
a Язык текста rus
102 Страна публикации __
a Страна публикации RU
105 Кодированные данные (монография) __
a Кодированные данные (монография) a z 000yy
181 Поле кодированных данных: вид содержания _0
a Код вида содержания (ISBD) i
181 Поле кодированных данных: вид содержания _0
a Код вида содержания (ISBD) b
182 Поле кодированных данных: тип средства _0
a Код типа средства (ISBD) n
200 Заглавие и сведения об ответственности 1_
a Заглавие Новый год и Рождество
e Сведения, относящиеся к заглавию волшебная история зимнего праздника от древности до наших времен
f Первые сведения об ответственности Валерия Ильина
203 Вид содержания и тип средства __
c Тип средства непосредственный
a Вид содержания Текст
210 Выходные данные 1_
a Место издания Москва
c Издательство Эксмо
d Дата издания 2024
215 Физическое описание __
a Объем 221, [2] с.
c Иллюстрации/тип воспроизводства цв. ил., фот.
d Формат 25 см
225 Серия 2_
a Серия Новый год
i Наименование части Книга в подарок
330 Аннотация __
a Аннотация Для каждого из нас Новый год - это ожидание чуда и исполнения самых сокровенных желаний. Эта иллюстрированная энциклопедия поможет вам создать атмосферу праздника и открыть тайны самого долгожданного праздника в году! Благодаря этой книге вы узнаете о том, как отмечали Новый год в России и других странах мира в разные времена, какие елочные украшения создавались и из чего, что изображалось на первых поздравительных открытках и какие традиционные блюда готовили в разные исторические эпохи. Подарите себе чудо новогоднего настроения! Откройте книгу и ощутите аромат елки и мандаринов, зажгите огоньки гирлянд, приготовьте любимые блюда и откройте шампанское!
333 Примечание о целевом назначении __
a Примечание о целевом назначении 12+. Для детей старше 12 лет
540 Дополнительное заглавие, сделанное каталогизатором 10
a Дополнительное заглавие, сделанное каталогизатором Волшебная история зимнего праздника от древности до наших времен
606 Тематические рубрики __
a Основная рубрика Этнология
2 Код системы nlr_sh
606 Тематические рубрики __
2 Код системы nlr_sh
a Основная рубрика Этнология современных народов
610 Ключевые слова 0_
a Ключевые слова праздники
610 Ключевые слова 0_
a Ключевые слова Рождество
610 Ключевые слова 0_
a Ключевые слова Новый год
610 Ключевые слова 0_
a Ключевые слова Дед Мороз
610 Ключевые слова 0_
a Ключевые слова Снегурочка
610 Ключевые слова 0_
a Ключевые слова календарь
610 Ключевые слова 0_
a Ключевые слова елка
610 Ключевые слова 0_
a Ключевые слова игрушки
610 Ключевые слова 0_
a Ключевые слова новогодние игрушки
610 Ключевые слова 0_
a Ключевые слова история елочной игрушки
610 Ключевые слова 0_
a Ключевые слова открытки
610 Ключевые слова 0_
a Ключевые слова новогодние открытки
610 Ключевые слова 0_
a Ключевые слова рецепты блюд
610 Ключевые слова 0_
a Ключевые слова новогодние блюда
610 Ключевые слова 0_
a Ключевые слова праздничные угощения
610 Ключевые слова 0_
a Ключевые слова новогодние елки
610 Ключевые слова 0_
a Ключевые слова новогодние обычаи
610 Ключевые слова 0_
a Ключевые слова христианские праздники
610 Ключевые слова 0_
a Ключевые слова религиозные праздники
610 Ключевые слова 0_
a Ключевые слова национальные традиции
610 Ключевые слова 0_
a Ключевые слова культурные традиции
610 Ключевые слова 0_
a Ключевые слова интересные факты
610 Ключевые слова 0_
a Ключевые слова история Нового года
686 Индексы других классификаций __
2 Код системы rubbks
a Классификационный индекс 63.52(0); ст63.5
700 Автор _1
a Фамилия Ильина
b Имя В. С.
g Полное личное имя Валерия Сергеевна
4 Код отношения 070
801 Источник записи _0
b Организация ГПНТБ России
a Страна RU
c Дата составления 20260325
g Правила каталогизации PSBO
801 Источник записи _1
b Организация ГПНТБ России
a Страна RU
c Дата составления 20260325
g Правила каталогизации PSBO
852 Данные о местонахождении 5_
j Шифр хранения 63.52(0)
i Авторский знак И 46
901 Тип документа __
a Ответственный ООФиК/Волкова
t Тип документа m
901 Тип документа __
a Ответственный без партии
903 Характеристики (МАРС) __
a Дата передачи 20260410
c Наименование библиотеки (МАРС) Муниципальное бюджетное учреждение культуры "Централизованная библиотечная система" г. Сургут (Центральная городская библиотека им. А. С. Пушкина)
969 Тип издания __
a Тип издания издание для досуга